[Event "Sherbrooke Perpetuelles 7-12"]
[Site "Sherbrooke CAN"]
[Date "2004.12.17"]
[Round "6"]
[White "Courteau, Bernard"]
[Black "Jolin, Fernand"]
[Result "1-0"]
[WhiteElo "1563"]
[BlackElo "1438"]
[PlyCount "49"]
[GameId "2160767911217511"]
[EventDate "2004.??.??"]
[EventType "swiss"]
[EventRounds "6"]
[EventCountry "CAN"]
[SourceTitle "EXT 2006"]
[Source "ChessBase"]
[SourceDate "2005.11.24"]
[SourceVersion "1"]
[SourceVersionDate "2005.11.24"]
[SourceQuality "1"]

1. d4 Nf6 2. c4 d5 3. Nc3 c6 4. Nf3 Nbd7 5. Bf4 dxc4 6. e4 b5 7. Qc2 e6 8. Be2 g6 9. O-O Bg7 10. Bd6 Bf8 11. Bg3 Nh5 12. e5 Nxg3 13. fxg3 Bg7 14. Ne4 O-O 15. h4 Qe7 16. h5 h6 17. hxg6 fxg6 18. Nh4 Rxf1+ 19. Rxf1 Nf8 20. Nf6+ Bxf6 21. Rxf6 Qg7 22. Nxg6 Nd7 23. Rxe6 Bb7 24. Re7 Qxe7 25. Nxe7+ 1-0

[Event "Sherbrooke Perpetuelles 7-12"]
[Site "Sherbrooke CAN"]
[Date "2004.12.17"]
[Round "6"]
[White "Germain, Benoit"]
[Black "Lopez, Jose"]
[Result "0-1"]
[WhiteElo "1695"]
[BlackElo "1794"]
[PlyCount "138"]
[GameId "2160767911217512"]
[EventDate "2004.??.??"]
[EventType "swiss"]
[EventRounds "6"]
[EventCountry "CAN"]
[SourceTitle "EXT 2006"]
[Source "ChessBase"]
[SourceDate "2005.11.24"]
[SourceVersion "1"]
[SourceVersionDate "2005.11.24"]
[SourceQuality "1"]

1. d4 d5 2. c4 c6 3. Nf3 Nf6 4. Nc3 e6 5. e3 Nbd7 6. Bd3 dxc4 7. Bxc4 b5 8. Bd3 a6 9. O-O Bb7 10. a4 b4 11. Ne2 c5 12. Ng3 Be7 13. b3 cxd4 14. exd4 Nb6 15. Bb2 Nbd5 16. Qd2 O-O 17. Rac1 Qa5 18. Ne5 Rac8 19. f4 Rxc1 20. Rxc1 Rc8 21. Rf1 Nc3 22. Nc4 Qd5 23. Kh1 Rd8 24. Ne5 Qxd4 25. Ne2 Qd5 26. Nxc3 bxc3 27. Bxc3 Ne4 28. Bxe4 Qxe4 29. Qf2 Rc8 30. Re1 Qd5 31. Nc4 Bh4 32. Qe2 Bxe1 33. Bxe1 Rd8 34. Nd2 Qd3 35. Qxd3 Rxd3 36. Kg1 Bd5 37. b4 Ra3 38. a5 Kf8 39. Kf2 Ke7 40. Ke2 Bxg2 41. Nc4 Ra2+ 42. Ke3 Bf1 43. Nd2 Bb5 44. Kd4 Ra1 45. Bf2 Rd1 46. Be3 Rh1 47. Ne4 Kd7 48. Ke5 Re1 49. Kd4 f6 50. Nc5+ Kd6 51. Nb7+ Kc6 52. Nc5 Re2 53. Nxe6 Rxh2 54. Nxg7 Rb2 55. Kc3 Rg2 56. Nf5 h5 57. Nd4+ Kb7 58. Nf5 Rh2 59. Bd4 Bd7 60. Nd6+ Kc6 61. Ne4 f5 62. Ng5 h4 63. Nf3 Rh1 64. Ne5+ Kc7 65. Bb6+ Kc8 66. Kd4 h3 67. Nf3 Rf1 68. Ke3 Rb1 69. Bc5 Rb2 0-1

[Event "Sherbrooke Perpetuelles 7-12"]
[Site "Sherbrooke CAN"]
[Date "2004.12.17"]
[Round "6"]
[White "Grenier, Jean-Pierre"]
[Black "Saziouk, Alexandre"]
[Result "0-1"]
[WhiteElo "1571"]
[BlackElo "1739"]
[PlyCount "60"]
[GameId "2160767911217513"]
[EventDate "2004.??.??"]
[EventType "swiss"]
[EventRounds "6"]
[EventCountry "CAN"]
[SourceTitle "EXT 2006"]
[Source "ChessBase"]
[SourceDate "2005.11.24"]
[SourceVersion "1"]
[SourceVersionDate "2005.11.24"]
[SourceQuality "1"]

1. c4 e5 2. Nc3 Nf6 3. g3 Nc6 4. Bg2 Be7 5. e3 O-O 6. Nge2 d6 7. O-O Ng4 8. d4 exd4 9. exd4 Re8 10. a3 a5 11. h3 Nf6 12. Be3 Bf5 13. Nf4 Qd7 14. g4 g5 15. Nfd5 Nxg4 16. Nxe7+ Nxe7 17. Bxg5 f6 18. f3 Nh2 19. Kxh2 fxg5 20. f4 g4 21. Ne4 Rf8 22. hxg4 Bxg4 23. Bf3 Bf5 24. Rg1+ Ng6 25. Ng3 Qe7 26. Nxf5 Rxf5 27. Rxg6+ hxg6 28. Bd5+ Kg7 29. Qg4 Rh8+ 30. Kg2 Rh4 0-1

[Event "Sherbrooke Perpetuelles 7-12"]
[Site "Sherbrooke CAN"]
[Date "2004.12.17"]
[Round "6"]
[White "Poirier, Vincent"]
[Black "Viens, Nicolas"]
[Result "1-0"]
[WhiteElo "1197"]
[BlackElo "1339"]
[PlyCount "119"]
[GameId "2160767911217515"]
[EventDate "2004.??.??"]
[EventType "swiss"]
[EventRounds "6"]
[EventCountry "CAN"]
[SourceTitle "EXT 2006"]
[Source "ChessBase"]
[SourceDate "2005.11.24"]
[SourceVersion "1"]
[SourceVersionDate "2005.11.24"]
[SourceQuality "1"]

1. e4 e5 2. Nf3 d6 3. d4 exd4 4. Nxd4 Nf6 5. Nc3 c6 6. Bc4 Be7 7. O-O d5 8. exd5 cxd5 9. Bb5+ Bd7 10. Bxd7+ Nbxd7 11. Nf5 O-O 12. Nxe7+ Qxe7 13. Nxd5 Qc5 14. Nxf6+ Nxf6 15. Be3 Qc7 16. h3 Rfd8 17. Qe2 Re8 18. Rad1 Qe5 19. c4 Re7 20. Qc2 a6 21. Rfe1 Rae8 22. Bd4 Qc7 23. Rxe7 Qxe7 24. Qc3 Rd8 25. Re1 Qd6 26. Bxf6 gxf6 27. Qg3+ Qxg3 28. fxg3 Rd2 29. b3 Kf8 30. a3 Rb2 31. Re3 a5 32. g4 Kg7 33. Kh2 Kg6 34. Kg3 h5 35. gxh5+ Kxh5 36. Rd3 f5 37. Kf3 f6 38. g3 Kg6 39. h4 Kh5 40. Kf4 Kg6 41. Ke3 Kh5 42. Kd4 Kg4 43. Kc5 Rg2 44. b4 axb4 45. axb4 f4 46. gxf4 Kxf4 47. Rd7 f5 48. Rxb7 Rh2 49. b5 Rxh4 50. b6 Ke5 51. Re7+ Kf6 52. b7 Rh8 53. Rc7 Rb8 54. Kb6 f4 55. Rc8 Rxb7+ 56. Kxb7 Ke5 57. c5 f3 58. Rf8 Ke4 59. c6 f2 60. Rxf2 1-0

[Event "Sherbrooke Perpetuelles Ete"]
[Site "Sherbrooke CAN"]
[Date "2004.07.09"]
[Round "1"]
[White "Auclair, Marc"]
[Black "Guillemette, Vincent"]
[Result "0-1"]
[WhiteElo "1245"]
[BlackElo "1143"]
[PlyCount "96"]
[GameId "2160767911217517"]
[EventDate "2004.??.??"]
[EventType "swiss"]
[EventRounds "7"]
[EventCountry "CAN"]
[SourceTitle "EXT 2006"]
[Source "ChessBase"]
[SourceDate "2005.11.24"]
[SourceVersion "1"]
[SourceVersionDate "2005.11.24"]
[SourceQuality "1"]

1. e4 e5 2. Nc3 d6 3. g3 Nf6 4. Bg2 Bg4 5. Nge2 Be7 6. d4 c6 7. Qd3 O-O 8. Bg5 Bxe2 9. Nxe2 Ng4 10. Bxe7 Qxe7 11. f3 Nf6 12. O-O-O Nbd7 13. Nc3 Rac8 14. Bh3 c5 15. Nd5 Nxd5 16. exd5 c4 17. Qa3 f5 18. Rhe1 Rfe8 19. f4 g6 20. dxe5 dxe5 21. d6 Qg7 22. fxe5 Rxe5 23. Bg2 Qh6+ 24. Kb1 Qxh2 25. Bd5+ Kg7 26. Be6 Rxe1 27. Rxe1 Re8 28. Qc3+ Nf6 29. d7 Rd8 30. Bxf5 gxf5 31. Re7+ Kg6 32. a3 Rxd7 33. Re6 Rf7 34. Qf3 Qh3 35. Ka2 f4 36. Qxf4 Qxe6 37. c3 Nh5 38. Qd2 Nxg3 39. Qg2 Qg4 40. Qc2+ Nf5 41. a4 a5 42. Ka3 h5 43. Ka2 h4 44. Qf2 h3 45. Qb6+ Kg7 46. Qxa5 h2 47. Qe5+ Kg8 48. Qxh2 Rh7 0-1

[Event "Sherbrooke Perpetuelles Ete"]
[Site "Sherbrooke CAN"]
[Date "2004.07.09"]
[Round "1"]
[White "Corey, Devin"]
[Black "Galasso, Janick"]
[Result "1-0"]
[WhiteElo "1279"]
[BlackElo "1023"]
[PlyCount "51"]
[GameId "2160767911217518"]
[EventDate "2004.??.??"]
[EventType "swiss"]
[EventRounds "7"]
[EventCountry "CAN"]
[SourceTitle "EXT 2006"]
[Source "ChessBase"]
[SourceDate "2005.11.24"]
[SourceVersion "1"]
[SourceVersionDate "2005.11.24"]
[SourceQuality "1"]

1. d4 d5 2. Nf3 e6 3. e3 Nc6 4. Bd3 Nf6 5. a3 Bd6 6. O-O Ne7 7. Nbd2 Ng6 8. Bxg6 hxg6 9. b4 c6 10. Bb2 Qc7 11. Ne5 Nd7 12. Ndf3 Nxe5 13. dxe5 Bxe5 14. Bxe5 Qe7 15. Bxg7 Rh7 16. Bd4 f6 17. Rc1 Qc7 18. Bxf6 g5 19. Bxg5 e5 20. Nh4 e4 21. f4 Qb6 22. f5 Rg7 23. Qh5+ Rf7 24. Qh8+ Rf8 25. Qe5+ Kd7 26. Qe7# 1-0

[Event "Sherbrooke Perpetuelles Ete"]
[Site "Sherbrooke CAN"]
[Date "2004.07.09"]
[Round "1"]
[White "Deslandes, Karel"]
[Black "Charbonneau, Dominic"]
[Result "0-1"]
[WhiteElo "1033"]
[BlackElo "871"]
[PlyCount "88"]
[GameId "2160767911217519"]
[EventDate "2004.??.??"]
[EventType "swiss"]
[EventRounds "7"]
[EventCountry "CAN"]
[SourceTitle "EXT 2006"]
[Source "ChessBase"]
[SourceDate "2005.11.24"]
[SourceVersion "1"]
[SourceVersionDate "2005.11.24"]
[SourceQuality "1"]

1. e4 e5 2. Nf3 d6 3. Bc4 c6 4. d3 Bg4 5. h3 Bxf3 6. Qxf3 Nh6 7. Bxh6 d5 8. exd5 gxh6 9. Qh5 cxd5 10. Qxe5+ Kd7 11. Bb5+ Nc6 12. Qxh8 Bb4+ 13. Qc3 Bxc3+ 14. Nxc3 Kc8 15. Bxc6 bxc6 16. O-O Kc7 17. Rfe1 Qg5 18. Re2 Rg8 19. g3 d4 20. Ne4 Qh5 21. Nf6 Qxe2 22. Nxg8 Qxc2 23. b4 Qxd3 24. Rc1 Qb5 25. a3 d3 26. Rd1 h5 27. Nf6 Qf5 28. Ne8+ Kb6 29. Nd6 Qf3 30. Nc4+ Kc7 31. Nb2 Qe2 32. Rxd3 Qxb2 33. Rf3 Qa2 34. b5 cxb5 35. Rf5 Qb1+ 36. Kg2 Qxf5 37. f3 Qc2+ 38. Kg1 Qd1+ 39. Kg2 Qe2+ 40. Kg1 a5 41. g4 b4 42. axb4 axb4 43. gxh5 b3 44. h6 b2 0-1

[Event "Sherbrooke Perpetuelles Ete"]
[Site "Sherbrooke CAN"]
[Date "2004.07.09"]
[Round "1"]
[White "Pilotte, Benoit"]
[Black "Lemelin, Marc"]
[Result "1-0"]
[WhiteElo "1805"]
[BlackElo "1644"]
[PlyCount "45"]
[GameId "2160767911217520"]
[EventDate "2004.??.??"]
[EventType "swiss"]
[EventRounds "7"]
[EventCountry "CAN"]
[SourceTitle "EXT 2006"]
[Source "ChessBase"]
[SourceDate "2005.11.24"]
[SourceVersion "1"]
[SourceVersionDate "2005.11.24"]
[SourceQuality "1"]

1. g3 d5 2. c4 c6 3. cxd5 cxd5 4. Bg2 Nf6 5. Nc3 e6 6. d3 Nc6 7. Nh3 Bd7 8. Bf4 d4 9. Ne4 Nxe4 10. dxe4 e5 11. Bd2 Qc8 12. Ng5 h6 13. Nf3 Bd6 14. Rc1 O-O 15. O-O f5 16. exf5 Bxf5 17. Nh4 e4 18. Nxf5 Qxf5 19. Qb3+ Kh8 20. Qxb7 Rab8 21. Qxc6 Rxb2 22. Qxd6 Rxd2 23. Bxe4 1-0

[Event "Sherbrooke Perpetuelles Ete"]
[Site "Sherbrooke CAN"]
[Date "2004.07.09"]
[Round "1"]
[White "Poirier, Vincent"]
[Black "Ouellet-Lahaie, Didier"]
[Result "0-1"]
[WhiteElo "1575"]
[BlackElo "1579"]
[PlyCount "90"]
[GameId "2160767911217521"]
[EventDate "2004.??.??"]
[EventType "swiss"]
[EventRounds "7"]
[EventCountry "CAN"]
[SourceTitle "EXT 2006"]
[Source "ChessBase"]
[SourceDate "2005.11.24"]
[SourceVersion "1"]
[SourceVersionDate "2005.11.24"]
[SourceQuality "1"]

1. c4 e5 2. Nc3 d6 3. d3 Nc6 4. g3 f5 5. Bg2 Nf6 6. Nf3 Be7 7. O-O O-O 8. Re1 Be6 9. Ng5 Bd7 10. Nd5 Nxd5 11. Bxd5+ Kh8 12. Nf7+ Rxf7 13. Bxf7 f4 14. e3 fxg3 15. fxg3 Bf6 16. Qh5 Qc8 17. Bg6 h6 18. Qf3 Bg4 19. Qf2 Bh3 20. e4 Ne7 21. Bh5 Qe6 22. Re3 g6 23. Be2 Rf8 24. Bf3 Nc6 25. Bg2 Bg4 26. Re1 Be7 27. Qc2 Nd4 28. Qa4 Kg7 29. Be3 Nc6 30. Bxa7 Ra8 31. Rf1 Rxa7 32. Qc2 Nd4 33. Qf2 Ra8 34. Qe3 Bg5 35. Qf2 Be2 36. Rfe1 Rf8 37. Qxe2 Nxe2+ 38. Rxe2 Qg4 39. Rae1 h5 40. h4 Bh6 41. Kh2 Rf6 42. a3 Bc1 43. Bh3 Qf3 44. Rc2 Bh6 45. Rc3 Qf2+ 0-1

[Event "Sherbrooke Perpetuelles Ete"]
[Site "Sherbrooke CAN"]
[Date "2004.07.09"]
[Round "1"]
[White "Simoneau, Georges"]
[Black "Benoit, Andre"]
[Result "0-1"]
[WhiteElo "1505"]
[BlackElo "1440"]
[PlyCount "78"]
[GameId "2160767911217522"]
[EventDate "2004.??.??"]
[EventType "swiss"]
[EventRounds "7"]
[EventCountry "CAN"]
[SourceTitle "EXT 2006"]
[Source "ChessBase"]
[SourceDate "2005.11.24"]
[SourceVersion "1"]
[SourceVersionDate "2005.11.24"]
[SourceQuality "1"]

1. d4 d5 2. c4 dxc4 3. Nc3 Nf6 4. e4 Nc6 5. d5 Na5 6. Qa4+ c6 7. dxc6 Nxc6 8. Bxc4 Bd7 9. Qd1 e5 10. Nge2 Qb6 11. Qb3 Qxb3 12. Bxb3 Bb4 13. Bd2 O-O 14. f3 Rac8 15. O-O Nd4 16. Rfd1 Bc5 17. Kf1 Be6 18. Nxd4 Bxd4 19. Bxe6 fxe6 20. Rab1 a6 21. Ne2 Nxe4 22. Nxd4 exd4 23. Bb4 Rf5 24. Ke1 Nf6 25. Bd6 e5 26. Rbc1 Rd8 27. Bc7 Re8 28. Rc5 Nd7 29. Rd5 Rf7 30. Rc1 h6 31. Ba5 Nf6 32. Rdc5 e4 33. f4 d3 34. Rc8 Rfe7 35. Rxe8+ Nxe8 36. Kd2 Nd6 37. Bb4 Rd7 38. Re1 Nc4+ 39. Kd1 e3 0-1

[Event "Sherbrooke Perpetuelles Ete"]
[Site "Sherbrooke CAN"]
[Date "2004.07.09"]
[Round "1"]
[White "Vincent, Pascal"]
[Black "Valiquette, Simon"]
[Result "1-0"]
[WhiteElo "1261"]
[BlackElo "1223"]
[PlyCount "25"]
[GameId "2160767911217523"]
[EventDate "2004.??.??"]
[EventType "swiss"]
[EventRounds "7"]
[EventCountry "CAN"]
[SourceTitle "EXT 2006"]
[Source "ChessBase"]
[SourceDate "2005.11.24"]
[SourceVersion "1"]
[SourceVersionDate "2005.11.24"]
[SourceQuality "1"]

1. e4 c5 2. c4 d6 3. Nc3 Nc6 4. Nf3 g6 5. d3 Bg7 6. Be2 Nd4 7. O-O Nxe2+ 8. Qxe2 Bg4 9. Bg5 Qc8 10. Bf4 Qc6 11. Nd5 e6 12. Rab1 exd5 13. exd5+ 1-0

[Event "Sherbrooke Perpetuelles Ete"]
[Site "Sherbrooke CAN"]
[Date "2004.07.16"]
[Round "2"]
[White "Coulombe, Serge"]
[Black "Jolin, Fernand"]
[Result "0-1"]
[WhiteElo "1364"]
[BlackElo "1285"]
[PlyCount "142"]
[GameId "2160767911217525"]
[EventDate "2004.??.??"]
[EventType "swiss"]
[EventRounds "7"]
[EventCountry "CAN"]
[SourceTitle "EXT 2006"]
[Source "ChessBase"]
[SourceDate "2005.11.24"]
[SourceVersion "1"]
[SourceVersionDate "2005.11.24"]
[SourceQuality "1"]

1. e4 Nc6 2. d4 e5 3. Nf3 exd4 4. Nxd4 Nxd4 5. Qxd4 d6 6. Nc3 Bd7 7. Be3 Qf6 8. O-O-O Qxd4 9. Bxd4 Nf6 10. Bc4 c5 11. Be3 Bc6 12. f3 Be7 13. Rd2 O-O 14. Rhd1 a6 15. Bf4 b5 16. Bd5 b4 17. Ne2 Nxd5 18. exd5 Bb5 19. Ng3 g6 20. Ne4 Rfd8 21. Re1 Ra7 22. g3 f5 23. Ng5 Bxg5 24. Bxg5 Re8 25. Rxe8+ Bxe8 26. Re2 Kf7 27. Kd2 Bb5 28. Re6 Rd7 29. b3 c4 30. Bf4 cxb3 31. axb3 Re7 32. Bxd6 Rd7 33. Ke3 a5 34. Kd4 Be2 35. f4 Bd1 36. Kc5 Bxc2 37. Kc6 Rd8 38. Kc7 Re8 39. Kd7 Bxb3 40. Rxe8 Ba4+ 41. Kc7 Kxe8 42. Be5 Bd7 43. d6 a4 44. Bb2 a3 45. Bc1 Ba4 46. Kb6 a2 47. Bb2 b3 48. Kc5 Bd7 49. Bf6 Kf7 50. Be5 Ke6 51. Bg7 h6 52. Be5 g5 53. Kb4 Bc6 54. Kxb3 Bd5+ 55. Kb2 gxf4 56. gxf4 Kf7 57. h4 Be6 58. Bd4 Kg6 59. d7 Bxd7 60. Kxa2 Kh5 61. Bf6 Kg6 62. Be7 Kf7 63. Bd8 Kg6 64. Kb3 Kh5 65. Bf6 Kg4 66. Bg7 h5 67. Bf6 Kxf4 68. Bg5+ Kg4 69. Kc3 f4 70. Kd3 Kg3 71. Kd2 Bb5 0-1

[Event "Sherbrooke Perpetuelles Ete"]
[Site "Sherbrooke CAN"]
[Date "2004.07.16"]
[Round "2"]
[White "Grenier, Jean-Pierre"]
[Black "Benoit, Andre"]
[Result "1-0"]
[WhiteElo "1574"]
[BlackElo "1440"]
[PlyCount "75"]
[GameId "2160767911217526"]
[EventDate "2004.??.??"]
[EventType "swiss"]
[EventRounds "7"]
[EventCountry "CAN"]
[SourceTitle "EXT 2006"]
[Source "ChessBase"]
[SourceDate "2005.11.24"]
[SourceVersion "1"]
[SourceVersionDate "2005.11.24"]
[SourceQuality "1"]

1. d4 Nf6 2. Nf3 d5 3. e3 Bf5 4. c4 c6 5. c5 e6 6. b4 Ne4 7. Qa4 b5 8. Qb3 a5 9. Bd2 a4 10. Qa3 f6 11. Nh4 Bg4 12. f3 Nxd2 13. Nxd2 f5 14. g3 Bh5 15. O-O-O Nd7 16. Re1 Be7 17. Ng2 O-O 18. Bd3 Bg6 19. h4 Bf7 20. Qc3 Bf6 21. a3 g6 22. e4 e5 23. exf5 exd4 24. Qc2 Ne5 25. Rxe5 Bxe5 26. fxg6 Bxg6 27. Bxg6 Ra7 28. Bxh7+ Kh8 29. f4 Bf6 30. Bg6 Kg7 31. h5 Rh8 32. g4 Re7 33. Nf3 Re6 34. g5 Be7 35. h6+ Kg8 36. Qf5 Rf6 37. gxf6 Bxf6 38. Qe6+ 1-0

[Event "Sherbrooke Perpetuelles Ete"]
[Site "Sherbrooke CAN"]
[Date "2004.07.16"]
[Round "2"]
[White "Saziouk, Alexandre"]
[Black "Lanzilotta Mernies, Marcelo"]
[Result "0-1"]
[WhiteElo "1785"]
[BlackElo "1834"]
[PlyCount "76"]
[GameId "2160767911217527"]
[EventDate "2004.??.??"]
[EventType "swiss"]
[EventRounds "7"]
[EventCountry "CAN"]
[SourceTitle "EXT 2006"]
[Source "ChessBase"]
[SourceDate "2005.11.24"]
[SourceVersion "1"]
[SourceVersionDate "2005.11.24"]
[SourceQuality "1"]

1. d4 Nf6 2. c4 c5 3. d5 b5 4. cxb5 a6 5. bxa6 Bxa6 6. Nc3 g6 7. e4 Bxf1 8. Kxf1 Bg7 9. Nf3 O-O 10. h3 d6 11. Kg1 Nbd7 12. Kh2 Qb8 13. Re1 Nb6 14. Re2 Nfd7 15. Bg5 Re8 16. Qc1 Nc4 17. Rb1 Nce5 18. Ne1 c4 19. f4 Nd3 20. Nxd3 cxd3 21. Rd2 Nc5 22. Qe1 h6 23. Bh4 Qb4 24. a3 Qc4 25. Bg3 Bxc3 26. bxc3 Nxe4 27. Rb4 Nxd2 28. Qxd2 Qxd5 29. Rd4 Qf5 30. Rxd3 Rxa3 31. Rd5 Qf6 32. Rd3 Rea8 33. Bf2 Ra2 34. Qe3 Rc2 35. Qd4 e5 36. Qb6 Qxf4+ 37. Bg3 Qe4 38. Rf3 Qxf3 0-1

[Event "Sherbrooke Perpetuelles Ete"]
[Site "Sherbrooke CAN"]
[Date "2004.07.23"]
[Round "3"]
[White "Benoit, Andre"]
[Black "Jolin, Fernand"]
[Result "0-1"]
[WhiteElo "1440"]
[BlackElo "1285"]
[PlyCount "94"]
[GameId "2160767911217528"]
[EventDate "2004.??.??"]
[EventType "swiss"]
[EventRounds "7"]
[EventCountry "CAN"]
[SourceTitle "EXT 2006"]
[Source "ChessBase"]
[SourceDate "2005.11.24"]
[SourceVersion "1"]
[SourceVersionDate "2005.11.24"]
[SourceQuality "1"]

1. e4 e5 2. Bc4 Nf6 3. Nc3 c6 4. f4 exf4 5. Nf3 d5 6. exd5 cxd5 7. Qe2+ Be7 8. Bb5+ Bd7 9. d4 a6 10. Ba4 Bxa4 11. Nxa4 Qa5+ 12. Nc3 Nc6 13. Bxf4 O-O 14. O-O Rfe8 15. Qf2 Bb4 16. Bd2 Bxc3 17. Bxc3 Qc7 18. Ne5 Nxe5 19. dxe5 Ne4 20. Qf3 Nxc3 21. bxc3 Rxe5 22. Rae1 Rae8 23. a4 Rxe1 24. Qxd5 Qb6+ 25. Qd4 Rxf1+ 26. Kxf1 Qb1+ 27. Kf2 Qe1+ 28. Kf3 Qe2+ 29. Kf4 Qf1+ 30. Kg3 Qe1+ 31. Kf4 Qh4+ 32. Kf3 Qxd4 33. cxd4 Rc8 34. Ke4 Rxc2 35. d5 Kf8 36. d6 Ke8 37. a5 Kd7 38. Ke5 Rc5+ 39. Kd4 Rxa5 40. g4 Kxd6 41. h4 Ra4+ 42. Ke3 Rxg4 43. h5 Rg5 44. Kf4 Rxh5 45. Kg4 g6 46. Kf4 a5 47. Ke3 Rc5 0-1

[Event "Sherbrooke Perpetuelles Ete"]
[Site "Sherbrooke CAN"]
[Date "2004.07.23"]
[Round "3"]
[White "Courteau, Bernard"]
[Black "Germain, Benoit"]
[Result "0-1"]
[WhiteElo "1614"]
[BlackElo "1459"]
[PlyCount "78"]
[GameId "2160767911217530"]
[EventDate "2004.??.??"]
[EventType "swiss"]
[EventRounds "7"]
[EventCountry "CAN"]
[SourceTitle "EXT 2006"]
[Source "ChessBase"]
[SourceDate "2005.11.24"]
[SourceVersion "1"]
[SourceVersionDate "2005.11.24"]
[SourceQuality "1"]

1. d4 d5 2. c4 e6 3. Nf3 Nf6 4. Bg5 Nbd7 5. e3 c5 6. Nc3 Qa5 7. Bd3 dxc4 8. Bxc4 Ne4 9. Qc2 Nxg5 10. Nxg5 cxd4 11. O-O dxc3 12. Ne4 Ne5 13. Be2 Bd7 14. Nxc3 Bb4 15. Rfd1 Rc8 16. Qb3 Bc6 17. Rd4 Bc5 18. Rh4 Ng6 19. Rh3 Rd8 20. Qc2 Be7 21. Rh5 Qb6 22. Bd3 Nh4 23. g3 Nf3+ 24. Kf1 g6 25. Rh3 Ne5 26. Be2 Bh1 27. g4 Bc6 28. f4 Nd7 29. Kf2 Nf6 30. g5 Nd5 31. Nxd5 exd5 32. Re1 d4 33. Bd3 dxe3+ 34. Rexe3 O-O 35. Kf1 Bc5 36. Reg3 Qb4 37. Rh4 Rfe8 38. Qc3 Qxc3 39. bxc3 Rxd3 0-1

[Event "Sherbrooke Perpetuelles Ete"]
[Site "Sherbrooke CAN"]
[Date "2004.08.06"]
[Round "4"]
[White "Benoit, Andre"]
[Black "Belanger, Jean Sebastien"]
[Result "0-1"]
[WhiteElo "1440"]
[BlackElo "1354"]
[PlyCount "68"]
[GameId "2160767911217532"]
[EventDate "2004.??.??"]
[EventType "swiss"]
[EventRounds "7"]
[EventCountry "CAN"]
[SourceTitle "EXT 2006"]
[Source "ChessBase"]
[SourceDate "2005.11.24"]
[SourceVersion "1"]
[SourceVersionDate "2005.11.24"]
[SourceQuality "1"]

1. e4 e5 2. Bc4 Bc5 3. Nf3 Nc6 4. O-O d6 5. c3 Bg4 6. b4 Bb6 7. a4 a6 8. a5 Ba7 9. h3 Bh5 10. d3 Nf6 11. Bg5 h6 12. Bxf6 Qxf6 13. Nbd2 g5 14. Qa4 Ke7 15. Bd5 Nd8 16. b5 axb5 17. Qb4 g4 18. hxg4 Bxg4 19. a6 Bc5 20. axb7 Nxb7 21. Qxb5 Rxa1 22. Rxa1 Nd8 23. Kf1 h5 24. Ra8 h4 25. d4 Bxf3 26. dxc5 Bxg2+ 27. Kg1 h3 28. cxd6+ cxd6 29. Ra7+ Kf8 30. Ra1 Qg5 31. f4 Qg3 32. Nf1 h2+ 33. Nxh2 Rxh2 34. Bxf7 Bh3# 0-1

[Event "Sherbrooke Perpetuelles Ete"]
[Site "Sherbrooke CAN"]
[Date "2004.08.06"]
[Round "4"]
[White "Bouffard Seminaro, Marc Antoine"]
[Black "Thomsen, Gunther"]
[Result "0-1"]
[WhiteElo "1073"]
[BlackElo "1148"]
[PlyCount "80"]
[GameId "2160767911217533"]
[EventDate "2004.??.??"]
[EventType "swiss"]
[EventRounds "7"]
[EventCountry "CAN"]
[SourceTitle "EXT 2006"]
[Source "ChessBase"]
[SourceDate "2005.11.24"]
[SourceVersion "1"]
[SourceVersionDate "2005.11.24"]
[SourceQuality "1"]

1. e4 c6 2. Bc4 g6 3. Nf3 Nf6 4. Nc3 e6 5. O-O b5 6. Be2 b4 7. Na4 Nxe4 8. d3 Nf6 9. Bd2 Na6 10. Bg5 Bg7 11. c3 bxc3 12. Nxc3 Qc7 13. h3 Nb4 14. a3 Nbd5 15. Nxd5 Nxd5 16. d4 e5 17. dxe5 Bxe5 18. Bc4 Nb6 19. Bb3 O-O 20. Rc1 Bxb2 21. Rb1 Bg7 22. Ne1 d5 23. Nd3 Bf5 24. Bf4 Qd8 25. Nc5 Bxb1 26. Qxb1 Nd7 27. Nb7 Qf6 28. Bd6 Qxd6 29. Nxd6 Rab8 30. Qc2 Be5 31. Nxf7 Rxf7 32. Ba4 Rb2 33. Qd3 Nc5 34. Qd1 Ne4 35. Bc2 Bd6 36. Qc1 Bxa3 37. Re1 Rxf2 38. Qh6 Rbxc2 39. Kh2 Rxg2+ 40. Kh1 Ng3# 0-1

[Event "Sherbrooke Perpetuelles Ete"]
[Site "Sherbrooke CAN"]
[Date "2004.08.06"]
[Round "4"]
[White "Deslandes, Karel"]
[Black "Bouffard Seminaro, Jean Philippe"]
[Result "1-0"]
[WhiteElo "1033"]
[BlackElo "507"]
[PlyCount "59"]
[GameId "2160767911217534"]
[EventDate "2004.??.??"]
[EventType "swiss"]
[EventRounds "7"]
[EventCountry "CAN"]
[SourceTitle "EXT 2006"]
[Source "ChessBase"]
[SourceDate "2005.11.24"]
[SourceVersion "1"]
[SourceVersionDate "2005.11.24"]
[SourceQuality "1"]

1. e4 e5 2. Nf3 Nf6 3. Nc3 d6 4. Bc4 d5 5. exd5 Bc5 6. Nxe5 O-O 7. O-O Bd6 8. Nf3 Nfd7 9. Ne4 Bf4 10. d3 Qe7 11. Bxf4 f5 12. d6+ Kh8 13. dxe7 Re8 14. Neg5 Rxe7 15. Nf7+ Kg8 16. Nd6+ Kf8 17. Nxc8 Re8 18. Nd6 cxd6 19. Bxd6+ Re7 20. Bxe7+ Kxe7 21. d4 Nb6 22. d5 Nxc4 23. b3 Nd6 24. Re1+ Kd7 25. Ne5+ Kc7 26. Qd4 Nc6 27. dxc6 bxc6 28. Qc5 Ne4 29. Qxc6+ Kb8 30. Nd7# 1-0

[Event "Sherbrooke Perpetuelles Ete"]
[Site "Sherbrooke CAN"]
[Date "2004.08.06"]
[Round "4"]
[White "Jolin, Fernand"]
[Black "Poirier, Vincent"]
[Result "1-0"]
[WhiteElo "1285"]
[BlackElo "1575"]
[PlyCount "92"]
[GameId "2160767911217535"]
[EventDate "2004.??.??"]
[EventType "swiss"]
[EventRounds "7"]
[EventCountry "CAN"]
[SourceTitle "EXT 2006"]
[Source "ChessBase"]
[SourceDate "2005.11.24"]
[SourceVersion "1"]
[SourceVersionDate "2005.11.24"]
[SourceQuality "1"]

1. Nf3 d5 2. g3 Nc6 3. Bg2 e5 4. d3 Nf6 5. Bg5 Be7 6. Bxf6 Bxf6 7. O-O O-O 8. Nbd2 Re8 9. e4 Be6 10. Re1 Qd7 11. a3 Bh3 12. b4 Bxg2 13. Kxg2 a6 14. Rb1 b5 15. Nb3 Be7 16. exd5 Qxd5 17. Kg1 Rad8 18. Nfd2 f5 19. Qf3 Qxf3 20. Nxf3 Bf6 21. Nc5 Nd4 22. Nxd4 exd4 23. Nxa6 Rxe1+ 24. Rxe1 c6 25. Re6 Rc8 26. Nc5 Kf7 27. Re2 Ra8 28. Re6 Rc8 29. Rd6 Ke7 30. Rd7+ Ke8 31. Ra7 Be5 32. f4 Bf6 33. Ne6 h6 34. Nxg7+ Bxg7 35. Rxg7 Kf8 36. Rh7 Kg8 37. Rxh6 c5 38. Rf6 cxb4 39. axb4 Rxc2 40. Rxf5 Rd2 41. Rxb5 Rxd3 42. Kg2 Rb3 43. Kf1 d3 44. Ke1 Rb2 45. h3 Rg2 46. Kd1 Rxg3 1-0